Les 20 villes les plus peuplées de Corrèze - Statistiques

Statistiques générales
  • Ce quiz a été pris 118 fois
  • Le résultat moyen est 9 sur 20
Statistiques - réponses
Population Villes % Correct
46 599 Brive-la-Gaillarde
100%
13 992 Tulle
99%
9 159 Ussel
86%
8 027 Malemort
74%
2 798 Uzerche
62%
4 293 Égletons
59%
2 869 Argentat-sur-Dordogne
51%
3 699 Objat
47%
4 253 Ussac
43%
2 337 Naves
36%
4 883 Saint-Pantaléon-de-Larche
36%
2 279 Meymac
34%
2 705 Donzenac
29%
3 026 Cosnac
24%
2 253 Lubersac
24%
2 541 Bort-les-Orgues
23%
2 462 Varetz
23%
4 019 Alassac
16%
1 884 Saint-Viance
13%
2 040 Sainte-Féréole
11%
Aucun quiz correspondant
Distribution des résultats
% des personnes avec chaque résultat
Percentile par nombre de réponses
Votre historique - résultats
Vous n’avez pas pris ce quiz